[Event "Tbilisi Municipality Cup 2010"]
[Site "?"]
[Date "2010.05.19"]
[Round "5.3"]
[White "Gagunashvili, Merab"]
[Black "Azaladze, Shota"]
[Result "1-0"]
[WhiteElo "2580"]
[BlackElo "2432"]
[PlyCount "85"]
[EventDate "2010.??.??"]

1. d4 g6 2. e4 Bg7 3. Nc3 c6 4. h3 d5 5. e5 f6 6. Nf3 Nd7 7. Bf4 Qb6 8. Qd2
Qxb2 9. Rb1 Qa3 10. Bd3 fxe5 11. dxe5 Nc5 12. O-O Nxd3 13. cxd3 e6 14. Nd4 Qa5
15. Rfc1 Ne7 16. Bg5 Nf5 17. Nb3 Qb4 18. d4 h6 19. g4 hxg5 20. gxf5 Qf8 21. f6
Bh6 22. Qc2 Qf7 23. Kg2 Bf8 24. Na5 Rh4 25. Ne2 g4 26. Rh1 gxh3+ 27. Rxh3 Rxh3
28. Kxh3 Kd8 29. Nf4 g5 30. Ng6 c5 31. Nxf8 Qh5+ 32. Kg2 Qg4+ 33. Kf1 b6 34.
Nc6+ Kc7 35. Nb4 Qh3+ 36. Ke1 a5 37. Qh7+ Qxh7 38. Nxh7 axb4 39. f7 Ba6 40.
f8=Q Rxf8 41. Nxf8 Bd3 42. Nxe6+ Kd7 43. Rb3 1-0

[Event "Tbilisi Municipality Cup 2010"]
[Site "?"]
[Date "2010.05.19"]
[Round "5.4"]
[White "Batsiashvili, Nino"]
[Black "Muzychuk, Anna"]
[Result "1-0"]
[WhiteElo "2325"]
[BlackElo "2529"]
[PlyCount "111"]
[EventDate "2010.??.??"]

1. d4 d6 2. e4 Nf6 3. Nc3 g6 4. g3 Bg7 5. Bg2 O-O 6. Nge2 Nbd7 7. O-O c5 8. h3
a6 9. a4 cxd4 10. Nxd4 Ne5 11. b3 Bd7 12. Bb2 Nc6 13. Nce2 Qa5 14. Re1 Rfd8 15.
c4 Qh5 16. Nxc6 bxc6 17. Nf4 Qa5 18. e5 Ne8 19. Qe2 dxe5 20. Bxe5 Bxe5 21. Qxe5
Qxe5 22. Rxe5 Kf8 23. Rd1 Nd6 24. Nd3 Rdb8 25. Nc5 Be8 26. a5 Ra7 27. Rd3 Rb4
28. h4 h6 29. g4 Ra8 30. Kh2 Ra7 31. Rf3 Bd7 32. Rg3 Be8 33. Rd3 Ra8 34. f4 Ra7
35. Bf3 Ra8 36. h5 gxh5 37. Rxh5 Kg7 38. Re5 Kf8 39. Bg2 Ra7 40. f5 Kg7 41. Kg3
Nb7 42. Ne4 Ra8 43. Rxe7 Nxa5 44. f6+ Kg6 45. Nd6 Kxf6 46. Rxe8 Rxe8 47. Nxe8+
Ke7 48. Nc7 Rxb3 49. Rxb3 Nxb3 50. Nxa6 Kd6 51. Kf4 c5 52. Bd5 Nd4 53. Bxf7 Kc6
54. Bd5+ Kb6 55. Nb8 Kc7 56. Nc6 1-0

[Event "Tbilisi Municipality Cup 2010"]
[Site "?"]
[Date "2010.05.19"]
[Round "5.5"]
[White "Iskandarov, Misratdin M.O"]
[Black "Benidze, Davit"]
[Result "0-1"]
[WhiteElo "2175"]
[BlackElo "2499"]
[PlyCount "104"]
[EventDate "2010.??.??"]

1. e4 c5 2. b3 d6 3. Bb2 Nc6 4. Bb5 Bd7 5. f4 a6 6. Bxc6 Bxc6 7. d3 d5 8. Nd2
Qc7 9. Be5 Qa5 10. exd5 Bxd5 11. Ngf3 Nf6 12. O-O Ng4 13. Qe2 Nxe5 14. fxe5 h6
15. Kh1 e6 16. Ne4 O-O-O 17. Nfd2 Qc7 18. Nc3 Bc6 19. a4 Kb8 20. Nc4 Rg8 21.
Ne4 f6 22. a5 Be7 23. Rae1 Rd4 24. Kg1 f5 25. Ned6 Rg4 26. Ne3 Rg6 27. Qh5 Bxd6
28. Qxg6 Bxe5 29. Nc4 Bxh2+ 30. Kh1 Bg3 31. Re3 f4 32. Ne5 Be8 33. Qg4 h5 34.
Qg5 Rf8 35. Qxg3 fxg3 36. Rxf8 Qe7 37. Ng6 Qd7 38. Ne5 Qd8 39. Ref3 Qh4+ 40.
Kg1 Qd4+ 41. Kf1 Qa1+ 42. Ke2 Qxe5+ 43. Kd1 Qa1+ 44. Ke2 Qxa5 45. Rxe8+ Ka7 46.
Rxg3 Qc3 47. Kd1 Qf6 48. Ke2 h4 49. Rf3 Qg6 50. Rh8 Qxg2+ 51. Rf2 Qg4+ 52. Rf3
g5 0-1

[Event "Tbilisi Municipality Cup 2010"]
[Site "?"]
[Date "2010.05.19"]
[Round "5.6"]
[White "Maghalashvili, Davit"]
[Black "Gaprindashvili, Valerian"]
[Result "1/2-1/2"]
[WhiteElo "2461"]
[BlackElo "2415"]
[PlyCount "58"]
[EventDate "2010.??.??"]

1. c4 e6 2. Nf3 Nf6 3. g3 d5 4. Bg2 c6 5. Qc2 Be7 6. d4 O-O 7. Nbd2 Nbd7 8. O-O
b6 9. e4 Bb7 10. e5 Ne8 11. cxd5 cxd5 12. Re1 Rc8 13. Qd1 Qc7 14. Nf1 Qc2 15.
Qxc2 Rxc2 16. Ne3 Rc6 17. Bd2 Nc7 18. Rac1 Rxc1 19. Rxc1 Rc8 20. Bf1 Na8 21.
Rxc8+ Bxc8 22. Ne1 Nb8 23. f4 Nc7 24. Kf2 h5 25. N1c2 g6 26. h3 Ba6 27. Bxa6
Nbxa6 28. g4 hxg4 29. hxg4 f5 1/2-1/2

[Event "Tbilisi Municipality Cup 2010"]
[Site "?"]
[Date "2010.05.19"]
[Round "5.7"]
[White "Paichadze, Luka"]
[Black "Guramishvili, Sopiko"]
[Result "1/2-1/2"]
[WhiteElo "2452"]
[BlackElo "2289"]
[PlyCount "53"]
[EventDate "2010.??.??"]

1. e4 c5 2. b3 d6 3. Bb5+ Nc6 4. Bb2 Nf6 5. d3 e5 6. Ne2 Be7 7. O-O O-O 8. Nbc3
Nd4 9. Bc4 Bg4 10. f3 Bd7 11. Nd5 b5 12. Nxf6+ Bxf6 13. Bd5 Rc8 14. c3 Ne6 15.
d4 cxd4 16. Bxe6 Bxe6 17. cxd4 b4 18. Qd2 a5 19. f4 Re8 20. fxe5 dxe5 21. d5
Bd7 22. Ng3 Bg5 23. Qf2 f6 24. Bc1 Bb5 25. Re1 Rf8 26. a4 Bd3 27. Qf5 1/2-1/2

[Event "Tbilisi Municipality Cup 2010"]
[Site "?"]
[Date "2010.05.19"]
[Round "5.8"]
[White "Gelashvili, Tamaz"]
[Black "Javakhadze, Zurab"]
[Result "1-0"]
[WhiteElo "2614"]
[BlackElo "2335"]
[PlyCount "81"]
[EventDate "2010.??.??"]

1. d4 Nf6 2. Nf3 e6 3. e3 d5 4. Bd3 Nbd7 5. b3 c6 6. O-O Bd6 7. Bb2 O-O 8. Nbd2
b6 9. Ne5 Bb7 10. f4 c5 11. Qf3 g6 12. Qh3 cxd4 13. Nxd7 Nxd7 14. Nf3 f5 15.
Bxd4 Qe7 16. Qg3 Rac8 17. a4 Nf6 18. Ne5 Bxe5 19. Bxe5 Nd7 20. Bd4 Kf7 21. a5
Nc5 22. b4 Nxd3 23. cxd3 Rc6 24. b5 Rd6 25. axb6 axb6 26. Bb2 Rc8 27. Ba3 d4
28. e4 Qd8 29. Bxd6 Qxd6 30. exf5 exf5 31. Rae1 Rc5 32. Rf2 Rc7 33. Qh4 h5 34.
Rfe2 Bd5 35. Qg5 Qf8 36. h3 Ra7 37. Re8 Qxe8 38. Rxe8 Kxe8 39. Qxg6+ Ke7 40.
Qxf5 Kd6 41. Qf8+ 1-0

[Event "Tbilisi Municipality Cup 2010"]
[Site "?"]
[Date "2010.05.19"]
[Round "5.9"]
[White "Purtseladze, Maka"]
[Black "Sanikidze, Tornike"]
[Result "0-1"]
[WhiteElo "2317"]
[BlackElo "2569"]
[PlyCount "52"]
[EventDate "2010.??.??"]

1. Nf3 d6 2. d4 g6 3. c4 Bg7 4. Nc3 Bg4 5. g3 Bxf3 6. exf3 e6 7. Bg2 Ne7 8. f4
d5 9. Qb3 Nbc6 10. cxd5 exd5 11. Nxd5 Nxd4 12. Qc4 Nxd5 13. Bxd5 Qe7+ 14. Be3
O-O-O 15. Bg2 b5 16. Qc1 Qb4+ 17. Kf1 Rhe8 18. Bxd4 Qxd4 19. Bc6 Re2 20. Kxe2
Qd3+ 21. Ke1 Rd6 22. Qe3 Re6 23. Rd1 Rxe3+ 24. fxe3 Qxe3+ 25. Kf1 Bd4 26. Kg2
Qe2+ 0-1

[Event "Tbilisi Municipality Cup 2010"]
[Site "?"]
[Date "2010.05.19"]
[Round "5.10"]
[White "Arutinian, David"]
[Black "Qashashvili, Alexsandre"]
[Result "1-0"]
[WhiteElo "2566"]
[BlackElo "2315"]
[PlyCount "63"]
[EventDate "2010.??.??"]

1. d4 Nf6 2. c4 e6 3. Nf3 c5 4. d5 b5 5. dxe6 fxe6 6. cxb5 d5 7. e3 Bd6 8. Nbd2
Bb7 9. Be2 O-O 10. O-O Qe7 11. b3 Nbd7 12. Bb2 Kh8 13. Qc2 Rac8 14. Rad1 Bb8
15. g3 Qe8 16. Nh4 Ne5 17. a4 d4 18. exd4 cxd4 19. Nc4 Be4 20. Qd2 d3 21. Bxe5
dxe2 22. Qxe2 Bxe5 23. Nxe5 Bc2 24. Rd4 Bxb3 25. Ng2 Rd8 26. Qd3 Rxd4 27. Qxd4
Qh5 28. Nf4 Qf5 29. Re1 Nd5 30. Nfd3 Bc2 31. a5 Qg5 32. Qc5 1-0

[Event "Tbilisi Municipality Cup 2010"]
[Site "?"]
[Date "2010.05.19"]
[Round "5.12"]
[White "Kotanjian, Tigran"]
[Black "Manshvili, aleko"]
[Result "1-0"]
[WhiteElo "2522"]
[BlackElo "2215"]
[PlyCount "105"]
[EventDate "2010.??.??"]

1. d4 Nf6 2. c4 e6 3. Nc3 d5 4. cxd5 exd5 5. Bg5 Be7 6. e3 O-O 7. Bd3 c6 8. Qc2
h6 9. Bh4 Re8 10. Nf3 Ne4 11. Bxe7 Qxe7 12. O-O Nd7 13. Rab1 b6 14. b4 Bb7 15.
Rfc1 Rac8 16. Qe2 Ndf6 17. Na4 Ng4 18. Rf1 b5 19. Nc5 Nc3 20. Qb2 Nxb1 21. Bf5
Nf6 22. Bxc8 Bxc8 23. Qxb1 Ne4 24. Nxe4 dxe4 25. Ne5 Qe6 26. Rc1 Bb7 27. Qb3
Qxb3 28. axb3 Re6 29. Ra1 a6 30. g4 Bc8 31. Rc1 Bb7 32. f4 exf3 33. Kf2 g5 34.
Rc5 Rf6 35. Nxf3 Bc8 36. Kg3 Be6 37. Nd2 Bd7 38. Ne4 Re6 39. Kf3 Kg7 40. Ng3
Rf6+ 41. Nf5+ Bxf5 42. gxf5 Rd6 43. Ke4 f6 44. Kd3 Kf7 45. e4 Ke7 46. Rc1 h5
47. Ra1 Rd7 48. Rxa6 Rc7 49. e5 fxe5 50. dxe5 Rd7+ 51. Ke4 Rd2 52. Ra7+ Ke8 53.
f6 1-0

[Event "Tbilisi Municipality Cup 2010"]
[Site "?"]
[Date "2010.05.19"]
[Round "5.13"]
[White "Sulashvili, Malkhaz"]
[Black "Umudova, Nargiz"]
[Result "1/2-1/2"]
[WhiteElo "2497"]
[BlackElo "2211"]
[PlyCount "109"]
[EventDate "2010.??.??"]
[SourceDate "2010.05.19"]

1. Nf3 Nf6 2. c4 g6 3. g3 Bg7 4. Bg2 O-O 5. O-O d6 6. d4 Nc6 7. Nc3 a6 8. b3
Rb8 9. Bb2 b5 10. d5 Na5 11. cxb5 axb5 12. Nd4 Bd7 13. Rc1 e5 14. Nc2 b4 15.
Nb1 c5 16. dxc6 Bxc6 17. Bxc6 Nxc6 18. Ne3 Qd7 19. Nc4 Qh3 20. f3 Bh6 21. Qxd6
Bxc1 22. Qxc6 Bxb2 23. Qxf6 Bd4+ 24. e3 Ba7 25. Nbd2 Rbe8 26. Qd6 Rd8 27. Qxb4
Rd3 28. Re1 Qh6 29. Nf1 Qh5 30. Qb7 Bb8 31. a4 f5 32. a5 e4 33. f4 g5 34. fxg5
Qxg5 35. Re2 Qg4 36. Rf2 Qd1 37. b4 Qb3 38. Qb5 Ba7 39. Nb6 Qe6 40. Rc2 Bxb6
41. axb6 Rd6 42. Rc7 Rxb6 43. Qc5 Rf7 44. Rc8+ Kg7 45. g4 f4 46. exf4 Qxg4+ 47.
Ng3 Qd1+ 48. Kg2 Qf3+ 49. Kg1 Rg6 50. Rc7 Qxf4 51. Qd4+ Qf6 52. Rxf7+ Kxf7 53.
Qxe4 h5 54. Qd5+ Kg7 55. Qxh5 1/2-1/2

[Event "Tbilisi Municipality Cup 2010"]
[Site "?"]
[Date "2010.05.19"]
[Round "5.14"]
[White "Quparadze, Giga"]
[Black "Yegiazarian, Arsen"]
[Result "1/2-1/2"]
[WhiteElo "2348"]
[BlackElo "2475"]
[PlyCount "143"]
[EventDate "2010.??.??"]
[SourceDate "2010.05.19"]

1. e4 e5 2. Nf3 Nc6 3. Bb5 a6 4. Ba4 Nf6 5. d3 d6 6. c3 g6 7. O-O Bg7 8. Re1
O-O 9. Nbd2 b5 10. Bb3 Na5 11. Bc2 c5 12. Nf1 Nc6 13. h3 Re8 14. Bg5 Bb7 15.
Ne3 Nb8 16. Ng4 Nbd7 17. Bb3 Qc7 18. c4 Nxg4 19. hxg4 Nf8 20. Be3 Bc8 21. g5
Bg4 22. cxb5 axb5 23. Bd5 Rab8 24. Rc1 Ne6 25. Qd2 Bxf3 26. gxf3 Qe7 27. b4
Rbc8 28. Kg2 cxb4 29. Rxc8 Rxc8 30. Rb1 Nf4+ 31. Bxf4 exf4 32. Qxf4 Bc3 33. Rh1
Bd4 34. Bb3 Rc5 35. Kf1 Rxg5 36. Bxf7+ Kg7 37. Bd5 h5 38. Rh3 Bxf2 39. Rh1 Bd4
40. Bb3 Qf6 41. Qxf6+ Kxf6 42. f4 Rg3 43. f5 Rxd3 44. fxg6 Kxg6 45. Kg2 Re3 46.
Bd1 Ra3 47. Bb3 Kg5 48. Rf1 Be5 49. Rf5+ Kh6 50. Kh3 Kg6 51. Kg2 Ra7 52. Rf8
Rc7 53. Rf5 Rg7 54. Kh3 Kh6 55. Bd1 Rg3+ 56. Kh4 Rg2 57. Rxh5+ Kg6 58. Rf5 Rxa2
59. Rf3 Bc3 60. Bb3 Rb2 61. Bf7+ Kg7 62. Bd5 Rb1 63. Kh5 Rh1+ 64. Kg5 Rd1 65.
Kf5 Be5 66. Ke6 Kg6 67. Rb3 Rc1 68. Rxb4 Rc5 69. Kd7 Kg5 70. Bc6 Kf4 71. Rxb5
Rxb5 72. Bxb5 1/2-1/2

[Event "Tbilisi Municipality Cup 2010"]
[Site "?"]
[Date "2010.05.19"]
[Round "5.15"]
[White "Supatashvili, Khvicha"]
[Black "Chobayan, Sergei"]
[Result "1-0"]
[WhiteElo "2461"]
[BlackElo "1810"]
[PlyCount "39"]
[EventDate "2010.??.??"]
[SourceDate "2010.05.19"]

1. d4 Nf6 2. c4 e6 3. Nf3 b6 4. a3 Bb7 5. Nc3 Ne4 6. Nxe4 Bxe4 7. Bf4 Be7 8. e3
O-O 9. Bd3 f5 10. O-O d6 11. Bxe4 fxe4 12. Nd2 d5 13. cxd5 exd5 14. Qb3 Rf7 15.
Rac1 c5 16. dxc5 Bxc5 17. Rfd1 Rxf4 18. exf4 Nc6 19. Nxe4 Nd4 20. Rxd4 1-0

[Event "Tbilisi Municipality Cup 2010"]
[Site "?"]
[Date "2010.05.19"]
[Round "5.17"]
[White "Khukhashvili, Sopiko"]
[Black "Gavasheli, Ana"]
[Result "1-0"]
[WhiteElo "2421"]
[BlackElo "2179"]
[PlyCount "63"]
[EventDate "2010.??.??"]

1. e4 d6 2. d4 Nf6 3. Nc3 g6 4. Be3 Bg7 5. f3 c6 6. Qd2 b5 7. a3 a6 8. Bh6 Bxh6
9. Qxh6 Qb6 10. Nge2 Nbd7 11. g4 c5 12. dxc5 Qxc5 13. b4 Qa7 14. Rd1 Ne5 15.
Nd4 Bd7 16. h4 O-O-O 17. Be2 Kb7 18. Qd2 Rc8 19. a4 bxa4 20. b5 Nc4 21. bxa6+
Ka8 22. Bxc4 Rxc4 23. Nde2 Qxa6 24. e5 Ne8 25. Qd5+ Bc6 26. Qxf7 Rc5 27. Qxe7
Rxe5 28. Qd8+ Ka7 29. Rb1 Bb7 30. O-O Qc6 31. Nd4 Qc8 32. Qxc8 1-0

[Event "Tbilisi Municipality Cup 2010"]
[Site "?"]
[Date "2010.05.19"]
[Round "5.18"]
[White "Nikolashvili, Giorgi"]
[Black "Tserateli, Tamar"]
[Result "1-0"]
[WhiteElo "2310"]
[BlackElo "2402"]
[PlyCount "131"]
[EventDate "2010.??.??"]

1. d4 d5 2. c4 e6 3. Nc3 Bb4 4. e3 Nf6 5. Nge2 O-O 6. a3 Be7 7. cxd5 exd5 8.
Nf4 c6 9. Bd3 Nbd7 10. O-O Re8 11. Bc2 Nf8 12. f3 Ne6 13. e4 dxe4 14. Nxe6 fxe6
15. Nxe4 Nxe4 16. fxe4 e5 17. Be3 Bg5 18. Bb3+ Be6 19. Bxg5 Qxg5 20. Bxe6+ Rxe6
21. Qb3 Qe7 22. dxe5 Re8 23. Rf5 Qc5+ 24. Kh1 Qb5 25. Qa2 g6 26. a4 Qc5 27.
Raf1 gxf5 28. exf5 Qxe5 29. fxe6 Qxe6 30. Qa3 Qf6 31. Qg3+ Qg7 32. Qb3+ Kh8 33.
h3 Rg8 34. Qc2 c5 35. Rf4 Qe5 36. Qf2 b6 37. Rf7 Qd4 38. Qxd4+ cxd4 39. Rxa7
Rd8 40. Rc7 d3 41. Rc1 Rd4 42. Rd1 Rxa4 43. Rxd3 Rb4 44. b3 Kg7 45. Rf3 Kg6 46.
Kg1 h5 47. Kf2 Re4 48. Rc3 Rb4 49. Rf3 Re4 50. Re3 Rb4 51. Ke2 Kf5 52. Kd2 h4
53. Kc3 Re4 54. Kd3 Rb4 55. Rf3+ Ke5 56. Kc3 Rf4 57. Re3+ Kd5 58. Re8 Re4 59.
Rg8 Re3+ 60. Kb4 Rd3 61. Rg6 Ke5 62. Kc4 Rd6 63. Rxd6 Kxd6 64. Kd4 Kc6 65. Ke3
Kc5 66. g4 1-0

[Event "Tbilisi Municipality Cup 2010"]
[Site "?"]
[Date "2010.05.19"]
[Round "5.19"]
[White "Zaslavsky, Mikhail"]
[Black "Shalamberidze, Akaki"]
[Result "1-0"]
[WhiteElo "2397"]
[BlackElo "2359"]
[PlyCount "77"]
[EventDate "2010.??.??"]

1. e4 c6 2. d4 d5 3. Nc3 dxe4 4. Nxe4 Nf6 5. Nxf6+ exf6 6. c3 Bd6 7. Bd3 O-O 8.
Qc2 h6 9. Be3 Qa5 10. Ne2 Re8 11. O-O Qc7 12. Ng3 Nd7 13. Rfe1 Nf8 14. Qd2 Bd7
15. Kh1 Ng6 16. c4 b6 17. Rad1 Bg4 18. Rc1 Be6 19. d5 Bd7 20. Ne4 Bf8 21. f4
cxd5 22. cxd5 Qb7 23. Bb1 f5 24. Ng3 Nh4 25. Bf2 Rac8 26. a3 Rxc1 27. Rxc1 Qb8
28. Bd4 Qd8 29. Be5 Bc8 30. Ba2 Ng6 31. Bc7 Qd7 32. d6 Bb7 33. Rf1 Nh4 34. Bd5
Bxd5 35. Qxd5 Re6 36. Rd1 Rg6 37. b4 b5 38. Qa8 Re6 39. Qd8 1-0

[Event "Tbilisi Municipality Cup 2010"]
[Site "?"]
[Date "2010.05.19"]
[Round "5.20"]
[White "Danelia, Mariam"]
[Black "Tabatadze, Tamaz"]
[Result "0-1"]
[WhiteElo "2203"]
[BlackElo "2390"]
[PlyCount "58"]
[EventDate "2010.??.??"]

1. d4 f5 2. Nc3 Nf6 3. Bg5 d5 4. f3 Nc6 5. Qd2 e6 6. e3 Be7 7. O-O-O O-O 8. Nh3
a6 9. Nf2 b5 10. Nd3 Bd7 11. g3 b4 12. Ne2 a5 13. Bg2 a4 14. Bxf6 Bxf6 15. Nxb4
Na5 16. Nc3 Nc4 17. Qe2 Qb8 18. a3 c5 19. dxc5 Nxa3 20. Nca2 Nc4 21. c3 Rc8 22.
e4 Rxc5 23. exd5 a3 24. b3 Na5 25. dxe6 Rxc3+ 26. Nxc3 Qxb4 27. exd7 Nxb3+ 28.
Kc2 Qxc3+ 29. Kb1 Qa1+ 0-1

[Event "Tbilisi Municipality Cup 2010"]
[Site "?"]
[Date "2010.05.19"]
[Round "5.21"]
[White "Chigladze, Iveri"]
[Black "Qalagashvili, Pridon"]
[Result "1/2-1/2"]
[WhiteElo "2386"]
[BlackElo "2161"]
[PlyCount "151"]
[EventDate "2010.??.??"]

1. d4 c5 2. d5 e5 3. e4 d6 4. Nc3 g6 5. f4 f6 6. Be2 Nd7 7. Nf3 exf4 8. Bxf4
Nh6 9. Bb5 Nf7 10. Qd2 Bg7 11. a4 O-O 12. Bxd7 Bxd7 13. O-O Re8 14. h3 b6 15.
Qd3 a6 16. Nd2 f5 17. Rae1 g5 18. Bh2 f4 19. Qe2 Qf6 20. Kh1 Qg6 21. Nc4 Rab8
22. Rg1 b5 23. Na5 b4 24. Nd1 Ne5 25. b3 Rf8 26. Ref1 Rbe8 27. Nf2 h5 28. g3 f3
29. Qd1 g4 30. h4 Bh6 31. Re1 Rc8 32. Rgf1 c4 33. Bg1 cxb3 34. cxb3 Rc3 35. Nc6
Nxc6 36. dxc6 Bxc6 37. Qd4 a5 38. Rd1 Bg7 39. Qxd6 Qxd6 40. Rxd6 Kh7 41. Nd1
Bxe4 42. Nxc3 bxc3 43. Bd4 Bxd4 44. Rxd4 Bg6 45. Kg1 c2 46. Kf2 Re8 47. Rd2 Rc8
48. Rc1 Rc3 49. Rd7+ Kh6 50. Rb7 Rc6 51. Rd7 Rb6 52. Rc7 Rxb3 53. Rc6 Rb2 54.
Ke3 Kg7 55. Rc7+ Kf8 56. Rc6 Kf7 57. Rc7+ Ke8 58. Rc6 Rb1 59. Kd2 Bd3 60. Rf6
Ke7 61. Rf4 Ke6 62. Rf8 Bf5 63. Re8+ Kd5 64. Rd8+ Kc4 65. Rf8 Bd3 66. Rc8+ Kb4
67. Rf8 Kxa4 68. Rf7 Ka3 69. Rf8 f2 70. Rxf2 Kb2 71. Rf8 a4 72. Rb8+ Ka2 73.
Rd8 Bg6 74. Rd6 Bf7 75. Rd7 Bg6 76. Rd6 1/2-1/2

[Event "Tbilisi Municipality Cup 2010"]
[Site "?"]
[Date "2010.05.19"]
[Round "5.22"]
[White "Ter-Karapetian, Armen"]
[Black "Zarkua, Davit"]
[Result "0-1"]
[WhiteElo "2093"]
[BlackElo "2362"]
[PlyCount "82"]
[EventDate "2010.??.??"]

1. d4 Nf6 2. Nf3 c5 3. c4 cxd4 4. Nxd4 b6 5. Nc3 Bb7 6. Bg5 a6 7. Qd3 d6 8. e4
Nbd7 9. f3 Rc8 10. Nd5 e6 11. Nxf6+ gxf6 12. Bh4 Be7 13. Be2 O-O 14. O-O Kh8
15. Qd2 Rg8 16. Bg3 Qc7 17. Rac1 Rg7 18. Rfd1 Rcg8 19. Bf1 Qc5 20. b4 Qh5 21.
Ne2 f5 22. Nf4 Qg5 23. exf5 Qxf5 24. Qd3 Qg5 25. Nh3 Qh6 26. Qd2 Qf6 27. Nf4
Rg5 28. Nh3 Rf5 29. Qc3 Ne5 30. Rd4 Rxf3 31. Qd2 Rfxg3 32. hxg3 Rxg3 33. Kh2
Ng4+ 34. Kg1 Ne3 35. Nf4 Qg5 36. Rc3 Nxf1 37. Rxg3 Nxg3 38. c5 bxc5 39. bxc5
Qxc5 40. Qf2 Qc1+ 41. Kh2 Qh1+ 0-1

[Event "Tbilisi Municipality Cup 2010"]
[Site "?"]
[Date "2010.05.19"]
[Round "5.23"]
[White "Arabidze, Meri"]
[Black "Khazhalia, Simon"]
[Result "1-0"]
[WhiteElo "2298"]
[BlackElo "2054"]
[PlyCount "75"]
[EventDate "2010.??.??"]

1. d4 Nf6 2. c4 g6 3. g3 Bg7 4. Bg2 d6 5. Nc3 O-O 6. Nf3 Nbd7 7. O-O e5 8. e4
b6 9. Re1 h6 10. h3 Kh7 11. Be3 Bb7 12. d5 Ng8 13. Qc2 Ne7 14. g4 Bc8 15. g5
Rh8 16. b4 hxg5 17. Nxg5+ Kg8 18. Red1 Nf8 19. c5 f6 20. Ne6 Nxe6 21. dxe6 Bxe6
22. cxd6 cxd6 23. Nb5 Rc8 24. Qb2 Nc6 25. Nxd6 Rc7 26. Nf7 Kxf7 27. Rxd8 Rxd8
28. Rc1 Rcc8 29. Bf1 Bf8 30. Ba6 Nxb4 31. Bxc8 Rxc8 32. Rxc8 Bxc8 33. Qc3 Be6
34. Qc7+ Kg8 35. a3 Na6 36. Qxa7 Bc4 37. Qxb6 Bxa3 38. Qxf6 1-0

[Event "Tbilisi Municipality Cup 2010"]
[Site "?"]
[Date "2010.05.19"]
[Round "5.24"]
[White "Lortkipanidze, Nodar"]
[Black "Nigalidze, Gaioz"]
[Result "0-1"]
[WhiteElo "2198"]
[BlackElo "2489"]
[PlyCount "90"]
[EventDate "2010.??.??"]

1. e4 c5 2. c3 d5 3. exd5 Qxd5 4. d4 Nf6 5. Nf3 Bg4 6. dxc5 Qxd1+ 7. Kxd1 e5 8.
b4 e4 9. h3 Bh5 10. g4 Nxg4 11. hxg4 Bxg4 12. Nbd2 exf3 13. Bb5+ Nc6 14. Re1+
Be7 15. Kc2 h5 16. Nc4 Kf8 17. Bf4 g5 18. Bd6 Be6 19. Bxc6 bxc6 20. Bxe7+ Kxe7
21. Ne5 g4 22. Rad1 Kf6 23. Rd6 a5 24. bxa5 Kg5 25. Rxc6 Rxa5 26. Rxe6 fxe6 27.
Nf7+ Kf5 28. Nxh8 Ra8 29. Rh1 Rxh8 30. Kd3 Kg5 31. a4 Rd8+ 32. Ke4 Rd5 33. Rb1
Rxc5 34. Rb5 Rf5 35. c4 h4 36. Rb8 g3 37. c5 gxf2 38. Rb1 Kg4 39. Kd4 Kg3 40.
c6 Kg2 41. c7 Rf8 42. Rb8 f1=Q 43. Rxf8 Qa1+ 44. Ke4 Qe1+ 45. Kd3 Qd1+ 0-1

[Event "Tbilisi Municipality Cup 2010"]
[Site "?"]
[Date "2010.05.19"]
[Round "5.25"]
[White "Babujian, Levon"]
[Black "Patsia, Zviad"]
[Result "1-0"]
[WhiteElo "2484"]
[BlackElo "2209"]
[PlyCount "133"]
[EventDate "2010.??.??"]

1. d4 d5 2. c4 e6 3. Nc3 Nf6 4. Nf3 Bb4 5. cxd5 exd5 6. Bg5 c5 7. dxc5 Bxc3+ 8.
bxc3 O-O 9. Qd4 Be6 10. Ne5 Qc7 11. Bxf6 gxf6 12. Ng4 Bxg4 13. Qxg4+ Kh8 14. e3
Nd7 15. Bb5 Nxc5 16. O-O Ne4 17. Bd3 Qxc3 18. Bxe4 dxe4 19. Qxe4 Rab8 20. Rad1
Qe5 21. Qf3 Qe6 22. Rd5 Rfd8 23. Rxd8+ Rxd8 24. Qxb7 Rd7 25. Qb4 Qd6 26. Qa4
Qe6 27. h3 Kg7 28. Rc1 Rd2 29. Rc4 h5 30. a3 Ra2 31. Rf4 Qd6 32. Qxa7 Rxa3 33.
Qd4 Qxd4 34. exd4 Ra1+ 35. Kh2 Rd1 36. g3 Kg6 37. Kg2 f5 38. Kf3 Ra1 39. Ke3
Ra3+ 40. Kd2 Ra2+ 41. Kd3 h4 42. gxh4 Ra3+ 43. Kc4 Rxh3 44. d5 Kf6 45. Rd4 Ke7
46. d6+ Kd7 47. Kd5 f6 48. f4 Ra3 49. Rc4 Rd3+ 50. Kc5 Rd1 51. Rd4 Rc1+ 52. Kd5
Ra1 53. h5 Ra5+ 54. Kc4 Ra4+ 55. Kc5 Ra5+ 56. Kb4 Ra1 57. h6 Rh1 58. Kc5 Rxh6
59. Ra4 Ke6 60. Ra7 Rh7 61. Ra1 Rh4 62. Kc6 Rh2 63. Re1+ Kf7 64. Rc1 Rd2 65. d7
Ke7 66. Re1+ Kf7 67. Re2 1-0

[Event "Tbilisi Municipality Cup 2010"]
[Site "?"]
[Date "2010.05.19"]
[Round "5.26"]
[White "Melia, Salome"]
[Black "Vakhania, Alexandra"]
[Result "1-0"]
[WhiteElo "2466"]
[BlackElo "2188"]
[PlyCount "159"]
[EventDate "2010.??.??"]

1. e4 g6 2. d4 Bg7 3. Nc3 d6 4. Nf3 a6 5. a4 b6 6. Bd3 c5 7. dxc5 bxc5 8. O-O
Nc6 9. Bc4 e6 10. Bf4 Nd4 11. Nxd4 cxd4 12. Ne2 Bb7 13. c3 Bxe4 14. Nxd4 d5 15.
Ba2 g5 16. Be3 h6 17. Ne2 Ne7 18. Ng3 Bg6 19. Nh5 Bxh5 20. Qxh5 Nf5 21. Bc5 Qc7
22. Ba3 Be5 23. Kh1 O-O-O 24. Qe2 Kb7 25. Bb1 h5 26. Bd3 Bxh2 27. Bxa6+ Ka8 28.
Bd3 h4 29. Bxf5 exf5 30. Be7 Rd7 31. Qa6+ Kb8 32. Ra3 Qc4 33. Qxc4 dxc4 34. Bf6
Rh6 35. Bxg5 Rh5 36. Kxh2 Rxg5 37. b3 cxb3 38. Rxb3+ Ka7 39. Rfb1 Rg4 40. Rb4
f4 41. f3 Rg7 42. R1b2 h3 43. gxh3 Rd3 44. Rxf4 Rxc3 45. Rg4 Rh7 46. Kg3 Ra3
47. Rbb4 Rh6 48. Rbf4 Kb6 49. Rxf7 Kc5 50. Rfg7 Rh8 51. Rg8 Rh7 52. R4g7 Rh6
53. Rg5+ Kd4 54. Rd8+ Kc4 55. Rc8+ Kd4 56. Rg4+ Kd5 57. Rd8+ Kc5 58. Rd2 Rf6
59. Rf2 Ra1 60. Rc2+ Kd5 61. Rc3 Rf8 62. Rd3+ Kc5 63. Rb3 Rg1+ 64. Kh2 Ra1 65.
h4 Re8 66. h5 Re2+ 67. Kg3 Rg1+ 68. Kf4 Rh1 69. Rb5+ Kd4 70. Kg5+ Kd3 71. Rd5+
Kc3 72. a5 Rf2 73. f4 Kc4 74. Rd6 Kc5 75. Rf6 Rfh2 76. Rf5+ Kd4 77. Kg6 Ke4 78.
Rfg5 Ra2 79. f5+ Ke5 80. f6+ 1-0

[Event "Tbilisi Municipality Cup 2010"]
[Site "?"]
[Date "2010.05.19"]
[Round "5.27"]
[White "Khmiadashvili, Tamar"]
[Black "Khurtsidze, Nino"]
[Result "0-1"]
[WhiteElo "2193"]
[BlackElo "2448"]
[PlyCount "104"]
[EventDate "2010.??.??"]

1. d4 Nf6 2. c3 e6 3. Bg5 c5 4. e3 Be7 5. Nd2 b6 6. Ngf3 cxd4 7. exd4 Bb7 8.
Bd3 d6 9. O-O Nbd7 10. Qe2 Nd5 11. Bxe7 Qxe7 12. Be4 N7f6 13. Qb5+ Kf8 14. Bxd5
Nxd5 15. Rfe1 g5 16. g3 g4 17. Nh4 Nf4 18. gxf4 Qxh4 19. Qd7 Qe7 20. Qxe7+ Kxe7
21. f3 Rhg8 22. Kf2 gxf3 23. Rg1 Rg2+ 24. Rxg2 fxg2 25. Nc4 Rg8 26. Ne3 Rg6 27.
Rg1 Rf6 28. Kg3 e5 29. f5 h5 30. Kh4 Be4 31. Kxh5 Kf8 32. Kg4 Kg7 33. d5 Rh6
34. h4 Kf6 35. Kg3 Rh5 36. c4 a5 37. b3 Bxf5 38. Nxg2 Be4 39. Rf1+ Kg6 40. Ne3
f5 41. Kh3 f4 42. Rg1+ Kf7 43. Nd1 Bf5+ 44. Kg2 Rxh4 45. Re1 e4 46. Nc3 e3 47.
Kf3 Kf6 48. Rg1 Ke5 49. Rg8 Rh3+ 50. Ke2 Rh2+ 51. Kd1 f3 52. Re8+ Kf4 0-1

[Event "Tbilisi Municipality Cup 2010"]
[Site "?"]
[Date "2010.05.19"]
[Round "5.28"]
[White "Shavtvaladze, Nikoloz"]
[Black "Ter-Karapetian, Alex"]
[Result "1/2-1/2"]
[WhiteElo "2437"]
[BlackElo "2168"]
[PlyCount "70"]
[EventDate "2010.??.??"]

1. e4 e5 2. Nf3 Nc6 3. Bb5 a6 4. Ba4 Nf6 5. d3 b5 6. Bb3 Be7 7. O-O O-O 8. a4
b4 9. Bd5 Nxd5 10. exd5 Nd4 11. Nxe5 d6 12. Nc4 b3 13. cxb3 Rb8 14. Be3 Bf6 15.
Na5 Bb7 16. Nxb7 Rxb7 17. Nd2 Qd7 18. Ne4 Qf5 19. Nxf6+ Qxf6 20. Rc1 Nxb3 21.
Rc4 Qf5 22. Qc2 Qxd5 23. Rxc7 Rxc7 24. Qxc7 Qxd3 25. Qc3 Qxc3 26. bxc3 Nc5 27.
Bxc5 dxc5 28. Rd1 Rb8 29. Kf1 Kf8 30. Rd5 Rb1+ 31. Ke2 Ra1 32. Rxc5 Rxa4 33.
Rc7 Ra2+ 34. Ke3 a5 35. c4 Rc2 1/2-1/2